000
00406nam a22001697a 4500
003
MPLRDC
005
20220104124342.0
008
210129b ||||| |||| 00| 0 eng d
082
_a
540.7 XTP
100
_a
谢天平主编
245
_a
华人社会大人膝下
_c
260
_a
_b
一钱研究机构
_c
300
_b
平
490
_a
华裔社群丛书之一
650
_a
942
_c
BK
_o
540.7 XTP
999
_c
18646
_d
18636